[Event "Djenovici TS12"]
[Site "Djenovici"]
[Date "2017.12.25"]
[Round "9"]
[White "Ivic, Velimir"]
[Black "Petijevic, Vaso"]
[Result "1/2-1/2"]
[WhiteElo "2344"]
[BlackElo "2261"]
[PlyCount "23"]
[EventDate "2017.12.16"]
[EventType "tourn"]
[EventRounds "9"]
[EventCountry "MNE"]
[SourceTitle "CBM 182 Extra"]
[Source "ChessBase"]
[SourceDate "2018.02.23"]
[SourceVersion "1"]
[SourceVersionDate "2018.02.23"]
[SourceQuality "1"]

1. e4 e5 2. Nf3 Nf6 3. Nxe5 d6 4. Nf3 Nxe4 5. d4 d5 6. Bd3 Bd6 7. 0-0 0-0 8. Nbd2 Re8 9. Re1 Nxd2 10. Rxe8+ Qxe8 11. Bxd2 Nd7 12. Qe1 1/2-1/2

[Event "MNT-chT"]
[Site "Montenegro"]
[Date "2017.09.27"]
[Round "5.3"]
[White "Petijevic, Vaso"]
[Black "Kalezic, Blazo"]
[Result "1/2-1/2"]
[WhiteElo "2271"]
[BlackElo "2465"]
[PlyCount "35"]
[EventDate "2017.09.23"]
[EventType "team"]
[EventRounds "9"]
[EventCountry "MNE"]
[SourceTitle "EXT 2019"]
[Source "ChessBase"]
[SourceDate "2018.10.10"]
[SourceVersion "1"]
[SourceVersionDate "2018.10.10"]
[SourceQuality "1"]
[WhiteTeam "Kotor"]
[BlackTeam "Buducnost"]
[WhiteTeamCountry "MNE"]
[BlackTeamCountry "MNE"]

1. e4 e6 2. d4 d5 3. Nd2 Nf6 4. e5 Nfd7 5. Bd3 c5 6. c3 Nc6 7. Ne2 cxd4 8. cxd4 f6 9. exf6 Nxf6 10. Nf3 Bd6 11. 0-0 Qc7 12. Bg5 0-0 13. Bh4 Nh5 14. Qc2 h6 15. Bh7+ Kh8 16. Bg6 Rxf3 17. Bxh5 Rf8 18. Bg3 1/2-1/2

[Event "MNT-chT"]
[Site "Montenegro"]
[Date "2017.09.25"]
[Round "3.4"]
[White "Petijevic, Vaso"]
[Black "Lekic, Dusan"]
[Result "0-1"]
[WhiteElo "2271"]
[BlackElo "2362"]
[PlyCount "75"]
[EventDate "2017.09.23"]
[EventType "team"]
[EventRounds "9"]
[EventCountry "MNE"]
[SourceTitle "CBM 180 Extra"]
[Source "ChessBase"]
[SourceDate "2017.10.06"]
[SourceVersion "1"]
[SourceVersionDate "2017.10.06"]
[SourceQuality "1"]
[WhiteTeam "Kotor"]
[BlackTeam "Mimoza"]
[WhiteTeamCountry "MNE"]
[BlackTeamCountry "MNE"]

1. e4 e5 2. Nf3 Nc6 3. Nc3 Nf6 4. Bb5 Bb4 5. 0-0 0-0 6. d3 Bxc3 7. bxc3 d6 8. Re1 Bd7 9. Bg5 h6 10. Bh4 a6 11. Ba4 Ne7 12. Bb3 Ng6 13. Bg3 Qe7 14. d4 Rad8 15. Nh4 Nxh4 16. Bxh4 Be6 17. Qf3 g5 18. Bg3 Bg4 19. Qe3 Nh5 20. f3 Be6 21. c4 f6 22. Bf2 b6 23. c3 Nf4 24. a4 a5 25. g3 Nh3+ 26. Kg2 Qf7 27. c5 Bxb3 28. Kxh3 dxc5 29. dxc5 f5 30. exf5 Qxf5+ 31. g4 Qxf3+ 32. Qxf3 Rxf3+ 33. Bg3 Rd2 34. c4 Bxc4 35. Rxe5 Bf1+ 36. Rxf1 Rxf1 37. cxb6 cxb6 38. Re6 0-1

[Event "MNT-ch 69th"]
[Site "Bar"]
[Date "2017.03.19"]
[Round "9"]
[White "Petijevic, Vaso"]
[Black "Draskovic, Luka"]
[Result "1/2-1/2"]
[WhiteElo "2303"]
[BlackElo "2458"]
[PlyCount "111"]
[EventDate "2017.03.11"]
[EventType "tourn"]
[EventRounds "11"]
[EventCountry "MNE"]
[EventCategory "6"]
[SourceTitle "CBM 177 Extra"]
[Source "ChessBase"]
[SourceDate "2017.04.27"]
[SourceVersion "1"]
[SourceVersionDate "2017.04.27"]
[SourceQuality "1"]

1. e4 c5 2. c3 b6 3. d4 Bb7 4. Bd3 Nf6 5. Nd2 cxd4 6. cxd4 Nc6 7. Ne2 g6 8. a3 Bg7 9. b4 0-0 10. Bb2 d6 11. 0-0 e5 12. Rc1 Rc8 13. Nf3 exd4 14. Ng3 Nd7 15. Bb5 Nde5 16. Bxc6 Rxc6 17. Rxc6 Nxf3+ 18. gxf3 Bxc6 19. Bxd4 Be5 20. Qd2 Qf6 21. Rc1 Bb5 22. Bxe5 dxe5 23. Qd5 a6 24. Rc7 h5 25. h4 Qxf3 26. Qxe5 Rd8 27. Rc1 Qxa3 28. Qg5 Qd3 29. Nxh5 Qd2 30. Qxd2 Rxd2 31. Rc8+ Kh7 32. Nf6+ Kg7 33. e5 Rd4 34. Rg8+ Kh6 35. Rh8+ Kg7 36. Rg8+ Kh6 37. Rh8+ Kg7 38. Rg8+ Kh6 39. f3 Rxh4 40. Rh8+ Kg5 41. Ne4+ Rxe4 42. fxe4 Kf4 43. e6 fxe6 44. Rb8 Kxe4 45. Rxb6 Bc4 46. Kf2 g5 47. Rb7 Kd4 48. Rg7 Kc3 49. Ke3 Kxb4 50. Kd2 a5 51. Kc2 a4 52. Kb2 a3+ 53. Ka1 e5 54. Rxg5 e4 55. Re5 Bd3 56. Re7 1/2-1/2

[Event "MNT-ch 69th"]
[Site "Bar"]
[Date "2017.03.17"]
[Round "7"]
[White "Petijevic, Vaso"]
[Black "Kosic, Dragan"]
[Result "0-1"]
[WhiteElo "2303"]
[BlackElo "2480"]
[PlyCount "72"]
[EventDate "2017.03.11"]
[EventType "tourn"]
[EventRounds "11"]
[EventCountry "MNE"]
[EventCategory "6"]
[SourceTitle "CBM 177 Extra"]
[Source "ChessBase"]
[SourceDate "2017.04.27"]
[SourceVersion "1"]
[SourceVersionDate "2017.04.27"]
[SourceQuality "1"]

1. e4 e6 2. d4 d5 3. Nc3 Nf6 4. e5 Nfd7 5. f4 c5 6. Nf3 Nc6 7. Be3 cxd4 8. Nxd4 Bc5 9. Qd2 0-0 10. 0-0-0 a6 11. Qf2 Qe7 12. Kb1 Nxd4 13. Bxd4 b5 14. Bd3 b4 15. Ne2 a5 16. Bxc5 Nxc5 17. Nd4 Bd7 18. Rhe1 f5 19. Re3 a4 20. Rh3 a3 21. b3 Rac8 22. Qd2 Ne4 23. Bxe4 fxe4 24. g4 Rf7 25. g5 g6 26. Rg3 Rcf8 27. Rg4 Qc5 28. Kc1 Rc8 29. Rg3 Qb6 30. Kb1 Be8 31. Re1 Rxf4 32. Nxe6 Rf2 33. Qxd5 Bf7 34. Qxe4 Bxe6 35. Rg2 Rxg2 36. Qxg2 Qd4 0-1

[Event "MNT-ch sf"]
[Site "Niksic"]
[Date "2017.02.18"]
[Round "3"]
[White "Scekic, Veljko"]
[Black "Petijevic, Vaso"]
[Result "0-1"]
[WhiteElo "2209"]
[BlackElo "2277"]
[PlyCount "96"]
[EventDate "2017.02.17"]
[EventType "swiss"]
[EventRounds "7"]
[EventCountry "MNE"]
[SourceTitle "CBM 177 Extra"]
[Source "ChessBase"]
[SourceDate "2017.04.27"]
[SourceVersion "1"]
[SourceVersionDate "2017.04.27"]
[SourceQuality "1"]

1. Nf3 e6 2. c4 c5 3. g3 g6 4. Bg2 Bg7 5. d4 cxd4 6. Nxd4 a6 7. 0-0 Ne7 8. Nc3 0-0 9. c5 d6 10. cxd6 Qxd6 11. Nc6 Qc7 12. Bf4 e5 13. Nxe7+ Qxe7 14. Nd5 Qd8 15. Be3 Nc6 16. Bb6 Qg5 17. h4 Qh5 18. Nc7 Rb8 19. e3 Bg4 20. f3 Bc8 21. Qe1 e4 22. fxe4 Bg4 23. Nd5 Rbc8 24. Rc1 Qe5 25. b4 Qe6 26. Bc5 Rfe8 27. Qf2 Ne5 28. Qd2 Rc6 29. a4 h5 30. b5 axb5 31. axb5 Rcc8 32. Bd4 Qd6 33. Qf2 Rxc1 34. Rxc1 Nd3 35. Qd2 Nxc1 36. Qxc1 Qxg3 37. Bxg7 Kxg7 38. Qc3+ Qe5 39. Qd4 Qxd4 40. exd4 Rd8 41. e5 Be6 42. Nc7 Rxd4 43. Bxb7 Rxh4 44. Bc6 Rb4 45. Na8 Bc4 46. b6 Ba6 47. Kf2 g5 48. Ke3 g4 0-1

[Event "MNT-ch 68th"]
[Site "Bijelo Polje"]
[Date "2016.06.29"]
[Round "6"]
[White "Draganic, Veljko"]
[Black "Petijevic, Vaso"]
[Result "1/2-1/2"]
[WhiteElo "2354"]
[BlackElo "2303"]
[PlyCount "25"]
[EventDate "2016.06.24"]
[EventType "tourn"]
[EventRounds "11"]
[EventCountry "MNE"]
[SourceTitle "CBM 173 Extra"]
[Source "ChessBase"]
[SourceDate "2016.08.29"]
[SourceVersion "1"]
[SourceVersionDate "2016.08.29"]
[SourceQuality "1"]

1. e4 e5 2. Nf3 Nf6 3. d4 Nxe4 4. Bd3 d5 5. Nxe5 Nd7 6. Nxd7 Bxd7 7. 0-0 Bd6 8. Nc3 Nxc3 9. bxc3 0-0 10. Qh5 f5 11. Re1 c6 12. Rb1 b5 13. Bg5 1/2-1/2

[Event "MNT-ch 68th"]
[Site "Bijelo Polje"]
[Date "2016.06.26"]
[Round "3"]
[White "Petijevic, Vaso"]
[Black "Kosic, Dragan"]
[Result "0-1"]
[WhiteElo "2303"]
[BlackElo "2498"]
[PlyCount "112"]
[EventDate "2016.06.24"]
[EventType "tourn"]
[EventRounds "11"]
[EventCountry "MNE"]
[SourceTitle "CBM 173 Extra"]
[Source "ChessBase"]
[SourceDate "2016.08.29"]
[SourceVersion "1"]
[SourceVersionDate "2016.08.29"]
[SourceQuality "1"]

1. e4 e6 2. d4 d5 3. e5 c5 4. c3 Nc6 5. Nf3 Qb6 6. a3 Nh6 7. b4 cxd4 8. Bxh6 gxh6 9. cxd4 Bd7 10. Nc3 Nxb4 11. Na4 Bxa4 12. Qxa4+ Nc6 13. Bb5 a6 14. Bxc6+ Qxc6 15. Qb3 Qb5 16. Qxb5+ axb5 17. Ke2 Rxa3 18. Rxa3 Bxa3 19. Ra1 b4 20. Ne1 Kd7 21. Nc2 Bb2 22. Rb1 Bc3 23. Kd3 Kc6 24. Nxb4+ Bxb4 25. Rxb4 Ra8 26. Rb2 Ra3+ 27. Kd2 b5 28. Rc2+ Kb7 29. Rc5 Ra2+ 30. Kc3 Kb6 31. Rc8 Rxf2 32. Rh8 Rxg2 33. Rxh7 Rf2 34. Rxh6 Ka5 35. Rf6 b4+ 36. Kb3 Rxh2 37. Rxf7 Rh3+ 38. Kb2 Kb5 39. Rc7 Rh4 40. Rc5+ Ka4 41. Rc6 Rxd4 42. Rxe6 Rd2+ 43. Kc1 Re2 44. Kd1 Re4 45. Re8 Ka3 46. e6 b3 47. e7 b2 48. Ra8+ Kb3 49. Rb8+ Kc3 50. Rc8+ Rc4 51. Rxc4+ dxc4 52. e8Q b1Q+ 53. Ke2 Qd3+ 54. Kf2 Kd2 55. Qb5 c3 56. Qg5+ Kd1 0-1

[Event "MNT-chT1"]
[Site "Bar"]
[Date "2015.09.29"]
[Round "4"]
[White "Vih, Antun"]
[Black "Petijevic, Vaso"]
[Result "0-1"]
[WhiteElo "2116"]
[BlackElo "2267"]
[PlyCount "92"]
[EventDate "2015.09.26"]
[EventType "team-tourn"]
[EventRounds "9"]
[EventCountry "MNE"]
[SourceTitle "EXT 2017"]
[Source "ChessBase"]
[SourceDate "2016.10.25"]
[SourceVersion "1"]
[SourceVersionDate "2016.10.25"]
[SourceQuality "1"]

1. Nf3 Nf6 2. c4 b6 3. g3 Bb7 4. Bg2 e6 5. 0-0 c5 6. Nc3 Be7 7. d4 cxd4 8. Qxd4 0-0 9. b3 d5 10. cxd5 Nxd5 11. Nxd5 Bxd5 12. e4 Bf6 13. e5 Nc6 14. Qe3 Nxe5 15. Nxe5 Bxg2 16. Kxg2 Qd5+ 17. Nf3 Bxa1 18. Ba3 Bf6 19. Bxf8 Rxf8 20. Rc1 Qb7 21. Rc4 Rd8 22. g4 h6 23. Kg3 Be7 24. Qe4 Qxe4 25. Rxe4 a5 26. Re2 Rd3 27. Rc2 Bc5 28. Kg2 f6 29. Nd2 Rd4 30. Kf3 Kf7 31. Ne4 Rd5 32. h4 f5 33. gxf5 exf5 34. Nxc5 Rxc5 35. Rd2 Rc6 36. Rd7+ Kf6 37. Kf4 g5+ 38. hxg5+ hxg5+ 39. Kf3 g4+ 40. Kf4 Rc2 41. Rd6+ Ke7 42. Rxb6 Rxf2+ 43. Ke5 Kf7 44. Rc6 g3 45. Rc3 f4 46. Kf5 g2 0-1

[Event "MNT-chT1"]
[Site "Bar"]
[Date "2015.09.27"]
[Round "2"]
[White "Petijevic, Vaso"]
[Black "Pajkovic, Vladimir"]
[Result "1/2-1/2"]
[WhiteElo "2267"]
[BlackElo "2421"]
[PlyCount "149"]
[EventDate "2015.09.26"]
[EventType "team-tourn"]
[EventRounds "9"]
[EventCountry "MNE"]
[SourceTitle "EXT 2017"]
[Source "ChessBase"]
[SourceDate "2016.10.25"]
[SourceVersion "1"]
[SourceVersionDate "2016.10.25"]
[SourceQuality "1"]

1. e4 e5 2. Nf3 Nc6 3. Nc3 Nf6 4. Bb5 Bd6 5. d3 a6 6. Ba4 h6 7. Ne2 b5 8. Bb3 Bc5 9. 0-0 d6 10. c3 0-0 11. Ng3 Re8 12. Nh4 Bg4 13. Qe1 Ne7 14. h3 Be6 15. Qd1 d5 16. Qf3 Nh7 17. Nhf5 dxe4 18. dxe4 Nxf5 19. Nxf5 Qf6 20. Qg4 Kh8 21. Bxe6 fxe6 22. Nh4 Nf8 23. Be3 Be7 24. g3 Qf7 25. Qf3 Kg8 26. Qxf7+ Kxf7 27. Nf3 Nd7 28. Rfd1 Bd6 29. a4 Red8 30. Kf1 Ke7 31. Nd2 Rdb8 32. axb5 axb5 33. Nb3 Ra4 34. Na5 Ra8 35. Rxa4 bxa4 36. Nc4 Ra6 37. Ke2 Rc6 38. Kd3 Bc5 39. Kc2 Bxe3 40. Nxe3 Nc5 41. f3 Nd7 42. h4 h5 43. g4 hxg4 44. Nxg4 Ra6 45. Ne3 Nb6 46. Rg1 Kf7 47. Rg5 a3 48. bxa3 Rxa3 49. Ng4 Nd7 50. Nxe5+ Nxe5 51. Rxe5 Ra2+ 52. Kd3 Rh2 53. Rc5 Rxh4 54. Rxc7+ Kf6 55. Kd4 g5 56. c4 Rh3 57. Rc8 Kf7 58. c5 Rxf3 59. c6 Ke7 60. e5 Rf1 61. Rg8 Rc1 62. Rg7+ Kf8 63. Rc7 g4 64. Ke3 g3 65. Kf3 Rc3+ 66. Kg2 Ke8 67. Kh3 Kd8 68. Rd7+ Ke8 69. Rd6 Ke7 70. Kg2 Rc5 71. Rd7+ Ke8 72. Rh7 Kd8 73. Rd7+ Kc8 74. Re7 Rxe5 75. Kxg3 1/2-1/2

[Event "BIH-chT Seniors"]
[Site "Mosko"]
[Date "2015.08.16"]
[Round "7"]
[White "Petijevic, Vaso"]
[Black "Babic, Drasko"]
[Result "1/2-1/2"]
[WhiteElo "2271"]
[BlackElo "2251"]
[PlyCount "44"]
[EventDate "2015.08.10"]
[EventType "team-tourn"]
[EventRounds "9"]
[EventCountry "BIH"]
[SourceTitle "EXT 2016"]
[Source "ChessBase"]
[SourceDate "2015.10.08"]
[SourceVersion "1"]
[SourceVersionDate "2015.10.08"]
[SourceQuality "1"]

1. e4 e5 2. Nf3 Nc6 3. Bb5 Bc5 4. c3 Nf6 5. 0-0 0-0 6. d4 Bb6 7. Bg5 d6 8. a4 a6 9. Bxc6 bxc6 10. a5 Ba7 11. dxe5 dxe5 12. Qxd8 Rxd8 13. Nxe5 Rd6 14. Nc4 Re6 15. e5 Ng4 16. Bh4 h6 17. Nbd2 Nxe5 18. Rae1 Nxc4 19. Nxc4 Bc5 20. b4 Ba7 21. Nd2 Rxe1 22. Rxe1 Be6 1/2-1/2

[Event "BIH-chT Seniors"]
[Site "Mosko"]
[Date "2015.08.11"]
[Round "2"]
[White "Lekic, Dusan"]
[Black "Petijevic, Vaso"]
[Result "1/2-1/2"]
[WhiteElo "2394"]
[BlackElo "2271"]
[PlyCount "56"]
[EventDate "2015.08.10"]
[EventType "team-tourn"]
[EventRounds "9"]
[EventCountry "BIH"]
[SourceTitle "EXT 2016"]
[Source "ChessBase"]
[SourceDate "2015.10.08"]
[SourceVersion "1"]
[SourceVersionDate "2015.10.08"]
[SourceQuality "1"]

1. d4 Nf6 2. c4 e6 3. Nf3 b6 4. g3 Ba6 5. b3 Bb4+ 6. Bd2 Be7 7. Bg2 c6 8. 0-0 d5 9. Qc2 Nbd7 10. a4 0-0 11. Rd1 Ne4 12. Be1 h5 13. a5 Bf6 14. e3 Qe7 15. cxd5 cxd5 16. Nc3 Rfc8 17. Qb2 g5 18. axb6 axb6 19. Rdc1 Nxc3 20. Rxc3 Rxc3 21. Bxc3 Qd8 22. Ne1 g4 23. Bf1 Bxf1 24. Kxf1 Rxa1 25. Qxa1 Be7 26. Nd3 Bd6 27. Bb4 Bc7 28. Qa4 Kh7 1/2-1/2

[Event "Kraljevo Seratlic Memorial"]
[Site "Kraljevo"]
[Date "2014.12.18"]
[Round "9"]
[White "Djokic, Nenad"]
[Black "Petijevic, Vaso"]
[Result "1/2-1/2"]
[WhiteElo "2327"]
[BlackElo "2254"]
[PlyCount "24"]
[EventDate "2014.12.12"]
[EventType "tourn"]
[EventRounds "9"]
[EventCountry "SRB"]
[EventCategory "3"]
[SourceTitle "EXT 2016"]
[Source "ChessBase"]
[SourceDate "2015.10.08"]
[SourceVersion "1"]
[SourceVersionDate "2015.10.08"]
[SourceQuality "1"]

1. d4 d5 2. c4 Bf5 3. Nc3 e6 4. Bf4 c6 5. Qb3 Qb6 6. c5 Qxb3 7. axb3 Nd7 8. b4 a6 9. e3 Rc8 10. Nf3 Be7 11. Nd2 Bd8 12. Nb3 Ne7 1/2-1/2

[Event "Kraljevo Seratlic Memorial"]
[Site "Kraljevo"]
[Date "2014.12.15"]
[Round "6"]
[White "Petijevic, Vaso"]
[Black "Mladenovic, Stefan"]
[Result "1-0"]
[WhiteElo "2254"]
[BlackElo "2375"]
[PlyCount "87"]
[EventDate "2014.12.12"]
[EventType "tourn"]
[EventRounds "9"]
[EventCountry "SRB"]
[EventCategory "3"]
[SourceTitle "EXT 2016"]
[Source "ChessBase"]
[SourceDate "2015.10.08"]
[SourceVersion "1"]
[SourceVersionDate "2015.10.08"]
[SourceQuality "1"]

1. e4 e6 2. d4 d5 3. exd5 exd5 4. Bd3 c5 5. Nf3 Nc6 6. Qe2+ Be7 7. dxc5 Nf6 8. Bg5 0-0 9. Nbd2 Bxc5 10. 0-0 Qd6 11. Nb3 Bb6 12. Qd2 Bg4 13. Bf4 Qe6 14. Rae1 Ne4 15. Bxe4 dxe4 16. Ng5 Qg6 17. Nxe4 Bf5 18. Nec5 Bxc2 19. Rc1 Bxb3 20. Nxb3 Rad8 21. Qc3 Rd3 22. Qc2 Rfd8 23. Nc5 Bxc5 24. Qxc5 h6 25. Be3 R8d5 26. Qc2 Qd6 27. h3 f5 28. Bc5 Qd7 29. b4 f4 30. f3 Rd2 31. Qc4 Qf7 32. Bf2 Ne5 33. Qe4 Nc6 34. Rc4 g5 35. Rc2 Rxc2 36. Qxc2 Nxb4 37. Qc8+ Kh7 38. Rb1 Rb5 39. a3 Qa2 40. Qd7+ Kg6 41. Rxb4 Re5 42. Rxb7 Re2 43. Qg7+ Kf5 44. Qf7+ 1-0

[Event "Kraljevo Seratlic Memorial"]
[Site "Kraljevo"]
[Date "2014.12.12"]
[Round "1"]
[White "Organdziev, Oliver"]
[Black "Petijevic, Vaso"]
[Result "1-0"]
[WhiteElo "2329"]
[BlackElo "2254"]
[PlyCount "99"]
[EventDate "2014.12.12"]
[EventType "tourn"]
[EventRounds "9"]
[EventCountry "SRB"]
[EventCategory "3"]
[SourceTitle "EXT 2016"]
[Source "ChessBase"]
[SourceDate "2015.10.08"]
[SourceVersion "1"]
[SourceVersionDate "2015.10.08"]
[SourceQuality "1"]

1. e4 e5 2. Nf3 Nf6 3. Nc3 Nc6 4. Bb5 Bb4 5. Bxc6 dxc6 6. d3 Bd6 7. h3 c5 8. b3 h6 9. Bb2 Be6 10. Ne2 Nh5 11. Bxe5 Bxe5 12. Nxe5 Qg5 13. Ng4 Bxg4 14. hxg4 Nf6 15. f3 Qe5 16. Kf2 0-0-0 17. Qd2 g5 18. Qc3 Qxc3 19. Nxc3 h5 20. gxh5 Nxh5 21. Nd5 c6 22. Ne3 Nf4 23. g3 Ne6 24. Nf5 Nd4 25. Nxd4 cxd4 26. Rxh8 Rxh8 27. Kg2 Kd7 28. Rh1 Re8 29. Rh7 Ke7 30. Kh3 Kf6 31. Rh6+ Kg7 32. Rd6 Rh8+ 33. Kg2 c5 34. Rd5 b6 35. Rxg5+ Kf6 36. Rd5 Ke6 37. g4 f6 38. Rh5 Rb8 39. Rh7 a5 40. Ra7 Rh8 41. Rb7 Ke5 42. Rxb6 Kf4 43. Rxf6+ Ke3 44. Rc6 Rf8 45. Rxc5 a4 46. bxa4 Rxf3 47. g5 Rf2+ 48. Kg3 Rf1 49. Kg4 Rg1+ 50. Kf5 1-0